|
|
|
|
| LEADER |
01413nam a22003854a 4500 |
| 001 |
EBC3000799 |
| 003 |
MiAaPQ |
| 005 |
20191030193401.0 |
| 006 |
m o d | |
| 007 |
cr cn||||||||| |
| 008 |
010717s2002 ctu sb 001 0 eng |
| 010 |
|
|
|z 2001049184
|
| 020 |
|
|
|z 1567205186 (alk. paper)
|
| 020 |
|
|
|z 9781567205183
|
| 020 |
|
|
|a 9780313006807 (electronic bk.)
|
| 035 |
|
|
|a (MiAaPQ)EBC3000799
|
| 035 |
|
|
|a (Au-PeEL)EBL3000799
|
| 035 |
|
|
|a (CaPaEBR)ebr10023106
|
| 035 |
|
|
|a (CaONFJC)MIL91368
|
| 035 |
|
|
|a (OCoLC)55222743
|
| 040 |
|
|
|a MiAaPQ
|c MiAaPQ
|d MiAaPQ
|
| 050 |
|
4 |
|a HG3881
|b .B253 2002
|
| 082 |
0 |
4 |
|a 332.155
|2 21
|
| 100 |
1 |
|
|a Baker, James Calvin,
|d 1935-
|
| 245 |
1 |
4 |
|a The Bank for International Settlements
|h [electronic resource] :
|b evolution and evaluation /
|c James C. Baker.
|
| 260 |
|
|
|a Westport, Conn. :
|b Quorum Books,
|c 2002.
|
| 300 |
|
|
|a xvi, 259 p.
|
| 504 |
|
|
|a Includes bibliographical references and index.
|
| 533 |
|
|
|a Electronic reproduction. Ann Arbor, MI : ProQuest, 2016. Available via World Wide Web. Access may be limited to ProQuest affiliated libraries.
|
| 610 |
2 |
0 |
|a Bank for International Settlements.
|
| 650 |
|
0 |
|a International finance.
|
| 650 |
|
0 |
|a Banks and banking, Central.
|
| 655 |
|
4 |
|a Electronic books.
|
| 710 |
2 |
|
|a ProQuest (Firm)
|
| 856 |
4 |
0 |
|u https://ebookcentral.proquest.com/lib/matrademy/detail.action?docID=3000799
|z Click to View
|